[Event "ST-2022-0-00221"]
[Site "LSS email"]
[Date "2022.07.23"]
[Round "?"]
[White "Corti, Horacio"]
[Black "Rita, Giacomo"]
[Result "1/2-1/2"]
[WhiteElo "2373"]
[BlackElo "2438"]
[PlyCount "72"]
[EventDate "2022.04.07"]
[EventType "tourn (corr)"]
[EventRounds "6"]
[EventCountry "GER"]
[SourceTitle "Corr 2024"]
[Source "ChessBase"]
[SourceDate "2023.10.19"]
[SourceVersion "1"]
[SourceVersionDate "2023.10.19"]
[SourceQuality "1"]

1. Nf3 Nf6 2. c4 e6 3. g3 d5 4. d4 Bb4+ 5. Bd2 Be7 6. Bg2 0-0 7. 0-0 c6 8. Qc2 b6 9. Nc3 Nbd7 10. e4 dxc4 11. e5 Nd5 12. Ne4 Ba6 13. Neg5 g6 14. h4 c5 15. Rfe1 cxd4 16. Nxd4 Nc5 17. Nc6 Qc7 18. Nxe7+ Nxe7 19. h5 Nf5 20. hxg6 fxg6 21. Bb4 Nd4 22. Qc3 Rad8 23. Ne4 Nf3+ 24. Bxf3 Rd3 25. Nf6+ Kg7 26. Qc2 Rxf3 27. Rad1 Rd3 28. Bxc5 Qxc5 29. Rxd3 cxd3 30. Qa4 Bc8 31. Qh4 h6 32. Qf4 Bb7 33. Ne8+ Kh7 34. Nf6+ Kg7 35. Ne8+ Kg8 36. Nf6+ Kg7 1/2-1/2

[Event "ST-2021-0-00201"]
[Site "LSS email"]
[Date "2021.10.03"]
[Round "?"]
[White "Corti, Horacio"]
[Black "Willmann, Bernd"]
[Result "1/2-1/2"]
[WhiteElo "2369"]
[BlackElo "2357"]
[PlyCount "50"]
[EventDate "2021.08.18"]
[EventType "tourn (corr)"]
[EventRounds "6"]
[EventCountry "GER"]
[SourceTitle "Corr 2024"]
[Source "ChessBase"]
[SourceDate "2023.10.19"]
[SourceVersion "1"]
[SourceVersionDate "2023.10.19"]
[SourceQuality "1"]

1. e4 c5 2. Nf3 d6 3. Bb5+ Bd7 4. Bxd7+ Qxd7 5. 0-0 Nc6 6. c3 d5 7. exd5 Qxd5 8. d4 e6 9. Be3 cxd4 10. Nxd4 Be7 11. Qa4 Nf6 12. Nd2 0-0 13. Nxc6 bxc6 14. Nf3 c5 15. Rad1 Qb7 16. Bc1 Rad8 17. h3 h6 18. Rfe1 Bd6 19. c4 Bc7 20. Qc2 Rxd1 21. Rxd1 a5 22. Re1 Ra8 23. Bd2 a4 24. Ne5 Qa6 25. Bc3 Ba5 1/2-1/2

[Event "ST-2021-0-00199"]
[Site "LSS email"]
[Date "2021.09.21"]
[Round "?"]
[White "Szabo, Vilmos"]
[Black "Corti, Horacio"]
[Result "1/2-1/2"]
[WhiteElo "2414"]
[BlackElo "2370"]
[PlyCount "94"]
[EventDate "2021.07.29"]
[EventType "tourn (corr)"]
[EventRounds "6"]
[EventCountry "GER"]
[SourceTitle "Corr 2024"]
[Source "ChessBase"]
[SourceDate "2023.10.19"]
[SourceVersion "1"]
[SourceVersionDate "2023.10.19"]
[SourceQuality "1"]

1. d4 Nf6 2. c4 e6 3. Nf3 d5 4. Nc3 c6 5. e3 Nbd7 6. Qc2 Bd6 7. Bd3 0-0 8. 0-0 dxc4 9. Bxc4 a6 10. Rd1 b5 11. Bd3 Bb7 12. Ng5 h6 13. Nge4 Bb8 14. b4 a5 15. bxa5 Qxa5 16. Bd2 Qc7 17. g3 Ng4 18. f3 Ngf6 19. Kg2 Rd8 20. Rac1 Qb6 21. Rb1 Nxe4 22. Nxe4 Qa7 23. Rb2 Nb6 24. Qc1 e5 25. Bb4 Bc8 26. Qxc6 Nd5 27. Kh1 Nxb4 28. Rxb4 Qxa2 29. Nc3 Qa5 30. Qxb5 Bd6 31. Qxa5 Rxa5 32. Rb5 Ra3 33. Nb1 Ra1 34. d5 Bd7 35. Rb7 Bc8 36. Rb5 Bd7 37. Rb2 Bc5 38. Nc3 Ra3 39. Nb5 Ra5 40. e4 Rb8 41. Rdb1 Kf8 42. Bc4 g5 43. g4 Bxb5 44. Rxb5 Raxb5 45. Rxb5 Rxb5 46. Bxb5 Ke7 47. Kg2 Kd6 1/2-1/2

[Event "ST-2021-0-00198"]
[Site "LSS email"]
[Date "2021.08.19"]
[Round "?"]
[White "Nichols, Scott"]
[Black "Corti, Horacio"]
[Result "1/2-1/2"]
[WhiteElo "2329"]
[BlackElo "2350"]
[PlyCount "55"]
[EventDate "2021.07.14"]
[EventType "tourn (corr)"]
[EventRounds "6"]
[EventCountry "GER"]
[SourceTitle "Corr 2024"]
[Source "ChessBase"]
[SourceDate "2023.10.19"]
[SourceVersion "1"]
[SourceVersionDate "2023.10.19"]
[SourceQuality "1"]

1. e4 c5 2. Nf3 Nc6 3. Bb5 g6 4. Bxc6 bxc6 5. 0-0 Bg7 6. Re1 Qc7 7. h3 d6 8. Na3 Rb8 9. d3 e5 10. c3 Ne7 11. Nc4 0-0 12. d4 cxd4 13. cxd4 Be6 14. dxe5 dxe5 15. Qe2 Rb4 16. Ncd2 c5 17. b3 Rb7 18. Ng5 Bd7 19. Ba3 Bb5 20. Nc4 Nc6 21. Bxc5 Rc8 22. Nf3 Bxc4 23. bxc4 Nd8 24. Be3 Qxc4 25. Qxc4 Rxc4 26. Rac1 Rxe4 27. Rc8 Rd7 28. Re2 1/2-1/2

[Event "ST-2021-0-00196"]
[Site "LSS email"]
[Date "2021.08.08"]
[Round "?"]
[White "Willmann, Bernd"]
[Black "Corti, Horacio"]
[Result "1/2-1/2"]
[WhiteElo "2363"]
[BlackElo "2352"]
[PlyCount "59"]
[EventDate "2021.06.22"]
[EventType "tourn (corr)"]
[EventRounds "6"]
[EventCountry "GER"]
[SourceTitle "Corr 2024"]
[Source "ChessBase"]
[SourceDate "2023.10.19"]
[SourceVersion "1"]
[SourceVersionDate "2023.10.19"]
[SourceQuality "1"]

1. e4 c5 2. Nf3 Nc6 3. d4 cxd4 4. Nxd4 Nf6 5. Nc3 e5 6. Ndb5 d6 7. Bg5 a6 8. Na3 b5 9. Nd5 Be7 10. Bxf6 Bxf6 11. c3 Bg5 12. Nc2 0-0 13. a4 bxa4 14. Rxa4 a5 15. Bc4 Rb8 16. b3 Kh8 17. Nce3 Bxe3 18. Nxe3 Ne7 19. 0-0 f5 20. exf5 Bxf5 21. Ra2 Be4 22. Rd2 d5 23. Bxd5 Nxd5 24. Nxd5 Bxd5 25. Rxd5 Qb6 26. Qd2 Qxb3 27. Rxa5 Rfc8 28. Rxe5 Rxc3 29. Re7 Rd3 30. Qe2 1/2-1/2

[Event "ST-2021-0-00195"]
[Site "LSS email"]
[Date "2021.07.21"]
[Round "?"]
[White "Corti, Horacio"]
[Black "Willmann, Bernd"]
[Result "1/2-1/2"]
[WhiteElo "2352"]
[BlackElo "2357"]
[PlyCount "48"]
[EventDate "2021.05.31"]
[EventType "tourn (corr)"]
[EventRounds "6"]
[EventCountry "GER"]
[SourceTitle "Corr 2024"]
[Source "ChessBase"]
[SourceDate "2023.10.19"]
[SourceVersion "1"]
[SourceVersionDate "2023.10.19"]
[SourceQuality "1"]

1. e4 c5 2. Nf3 d6 3. Bb5+ Bd7 4. Bxd7+ Qxd7 5. c4 Nc6 6. d4 cxd4 7. Nxd4 Nf6 8. Nc3 g6 9. f3 Bg7 10. Be3 0-0 11. 0-0 a6 12. Qd3 Ne5 13. Qe2 Rac8 14. b3 b5 15. Nd5 Nxd5 16. cxd5 e6 17. dxe6 fxe6 18. Rad1 Rfe8 19. h3 Nc6 20. Nxc6 Qxc6 21. Qf2 d5 22. exd5 exd5 23. Bd4 Bxd4 24. Rxd4 Qc2 1/2-1/2

[Event "ST-2021-0-00194"]
[Site "LSS email"]
[Date "2021.07.08"]
[Round "?"]
[White "Corti, Horacio"]
[Black "Wosch, Arkadiusz"]
[Result "1-0"]
[WhiteElo "2357"]
[BlackElo "2309"]
[PlyCount "69"]
[EventDate "2021.05.24"]
[EventType "tourn (corr)"]
[EventRounds "6"]
[EventCountry "GER"]
[SourceTitle "Corr 2024"]
[Source "ChessBase"]
[SourceDate "2023.10.19"]
[SourceVersion "1"]
[SourceVersionDate "2023.10.19"]
[SourceQuality "1"]

1. e4 c5 2. Nf3 Nc6 3. Nc3 g6 4. d4 cxd4 5. Nxd4 Bg7 6. Be3 Nf6 7. Bc4 0-0 8. Bb3 Re8 9. f3 e6 10. f4 d6 11. Ndb5 Re7 12. Qd2 Rd7 13. 0-0-0 Na5 14. Kb1 Nxb3 15. axb3 b6 16. f5 Ba6 17. fxe6 fxe6 18. Nd4 Qe7 19. Rhe1 Qf7 20. Bg5 Rf8 21. b4 Ne8 22. b5 Bb7 23. Rf1 Qxf1 24. Rxf1 Rxf1+ 25. Ka2 Bxd4 26. Qxd4 Rff7 27. Bh6 Nf6 28. e5 dxe5 29. Qxe5 Rc7 30. Qe2 e5 31. g4 Rfe7 32. Bg5 Kg7 33. h4 Re6 34. h5 Rd7 35. h6+ 1-0

[Event "ST-2021-0-00192"]
[Site "LSS email"]
[Date "2021.06.16"]
[Round "?"]
[White "Szczepanski, Zbigniew"]
[Black "Corti, Horacio"]
[Result "1/2-1/2"]
[WhiteElo "2411"]
[BlackElo "2338"]
[PlyCount "43"]
[EventDate "2021.05.10"]
[EventType "tourn (corr)"]
[EventRounds "6"]
[EventCountry "GER"]
[SourceTitle "Corr 2024"]
[Source "ChessBase"]
[SourceDate "2023.10.19"]
[SourceVersion "1"]
[SourceVersionDate "2023.10.19"]
[SourceQuality "1"]

1. c4 e5 2. Nc3 Nf6 3. g3 Bb4 4. Bg2 0-0 5. e4 Bxc3 6. bxc3 c6 7. Ne2 d5 8. cxd5 cxd5 9. exd5 Nxd5 10. d4 exd4 11. Qxd4 Be6 12. 0-0 Nc6 13. Qc5 Qb6 14. Qxb6 axb6 15. Re1 h6 16. a3 Rfd8 17. Nf4 Nxf4 18. Bxf4 Rd3 19. Rab1 Rxc3 20. Rxb6 Rcxa3 21. Rxb7 Nd4 22. Rb8+ 1/2-1/2

[Event "RM-2021-0-00242"]
[Site "LSS email"]
[Date "2021.06.13"]
[Round "?"]
[White "Pilgram, Kurt"]
[Black "Corti, Horacio"]
[Result "1/2-1/2"]
[WhiteElo "2163"]
[BlackElo "2338"]
[PlyCount "45"]
[EventDate "2021.03.28"]
[EventType "tourn (corr)"]
[EventRounds "6"]
[EventCountry "GER"]
[SourceTitle "Corr 2024"]
[Source "ChessBase"]
[SourceDate "2023.10.19"]
[SourceVersion "1"]
[SourceVersionDate "2023.10.19"]
[SourceQuality "1"]

1. Nf3 Nf6 2. g3 g6 3. Bg2 Bg7 4. c4 0-0 5. d4 d6 6. 0-0 Nc6 7. d5 Na5 8. Nfd2 c6 9. a4 Bd7 10. b4 Nxd5 11. bxa5 Bxa1 12. cxd5 Qxa5 13. Nb3 Qxa4 14. Nxa1 Qxa1 15. Qb3 c5 16. Qxb7 Rfd8 17. Bd2 Rab8 18. Qc7 Qa4 19. Qa5 Qxa5 20. Bxa5 Rdc8 21. Bc3 Rb3 22. Rc1 f5 23. Nd2 1/2-1/2

[Event "RM-2021-0-00238"]
[Site "LSS email"]
[Date "2021.03.22"]
[Round "?"]
[White "Corti, Horacio"]
[Black "Khlopov, Sergej"]
[Result "1/2-1/2"]
[WhiteElo "2314"]
[BlackElo "2334"]
[PlyCount "69"]
[EventDate "2021.02.06"]
[EventType "tourn (corr)"]
[EventRounds "6"]
[EventCountry "GER"]
[SourceTitle "Corr 2022"]
[Source "ChessBase"]
[SourceDate "2021.10.24"]
[SourceVersion "1"]
[SourceVersionDate "2021.10.24"]
[SourceQuality "1"]

1. e4 c5 2. Nf3 d6 3. d4 cxd4 4. Nxd4 Nf6 5. Nc3 a6 6. Bg5 Nbd7 7. Bc4 Qb6 8. Bb3 e6 9. Qd2 Be7 10. 0-0-0 Nc5 11. Rhe1 h6 12. Bh4 0-0 13. g3 Qc7 14. f4 b5 15. e5 dxe5 16. fxe5 Nh7 17. Bxe7 Qxe7 18. Nc6 Qc7 19. Qd6 Qxd6 20. Rxd6 Bb7 21. Ne4 Nxe4 22. Rxe4 Bxc6 23. Rxc6 Rfc8 24. Rxc8+ Rxc8 25. Kd2 Rc5 26. c3 Kf8 27. Bc2 Ke7 28. b4 Rc7 29. Bb3 Rc6 30. h4 Nf8 31. c4 Nd7 32. c5 a5 33. a3 axb4 34. axb4 Ra6 35. h5 1/2-1/2

[Event "RM-2021-0-00238"]
[Site "LSS email"]
[Date "2021.03.22"]
[Round "?"]
[White "Corti, Horacio"]
[Black "Susla, Vitaliy"]
[Result "1/2-1/2"]
[WhiteElo "2314"]
[BlackElo "2325"]
[PlyCount "34"]
[EventDate "2021.02.06"]
[EventType "tourn (corr)"]
[EventRounds "6"]
[EventCountry "GER"]
[SourceTitle "Corr 2022"]
[Source "ChessBase"]
[SourceDate "2021.10.24"]
[SourceVersion "1"]
[SourceVersionDate "2021.10.24"]
[SourceQuality "1"]

1. Nf3 d5 2. d4 c6 3. Bf4 Nf6 4. e3 Qb6 5. Qc1 Bf5 6. c4 Nbd7 7. Nc3 e6 8. c5 Qd8 9. h3 Ne4 10. Be2 g5 11. Bh2 h5 12. Ne5 g4 13. Nxe4 Bxe4 14. Rg1 Be7 15. Qc3 Nxe5 16. Bxe5 Bf6 17. Bg3 Bh4 1/2-1/2

[Event "RM-2021-0-00237"]
[Site "LSS email"]
[Date "2021.03.18"]
[Round "?"]
[White "Khlopov, Sergej"]
[Black "Corti, Horacio"]
[Result "1/2-1/2"]
[WhiteElo "2334"]
[BlackElo "2317"]
[PlyCount "49"]
[EventDate "2021.01.14"]
[EventType "tourn (corr)"]
[EventRounds "6"]
[EventCountry "GER"]
[SourceTitle "Corr 2022"]
[Source "ChessBase"]
[SourceDate "2021.10.24"]
[SourceVersion "1"]
[SourceVersionDate "2021.10.24"]
[SourceQuality "1"]

1. e4 c5 2. Nf3 Nc6 3. d4 cxd4 4. Nxd4 Nf6 5. Nc3 e5 6. Ndb5 d6 7. Bg5 a6 8. Na3 b5 9. Nd5 Be7 10. Bxf6 Bxf6 11. c4 b4 12. Nc2 0-0 13. g3 a5 14. Bg2 g6 15. Nxf6+ Qxf6 16. 0-0 h5 17. h4 a4 18. Qd2 Be6 19. Nxb4 Nd4 20. Rac1 Rfc8 21. Nd5 Bxd5 22. cxd5 Rab8 23. Kh1 Rxc1 24. Rxc1 Kg7 25. Rc4 1/2-1/2

[Event "ST-2021-0-00183"]
[Site "LSS email"]
[Date "2021.02.27"]
[Round "?"]
[White "Marth, Stefan"]
[Black "Corti, Horacio"]
[Result "1/2-1/2"]
[WhiteElo "2377"]
[BlackElo "2314"]
[PlyCount "73"]
[EventDate "2021.02.07"]
[EventType "tourn (corr)"]
[EventRounds "6"]
[EventCountry "GER"]
[SourceTitle "Corr 2024"]
[Source "ChessBase"]
[SourceDate "2023.10.19"]
[SourceVersion "1"]
[SourceVersionDate "2023.10.19"]
[SourceQuality "1"]

1. e4 c5 2. Nf3 Nc6 3. d4 cxd4 4. Nxd4 Nf6 5. Nc3 e5 6. Ndb5 d6 7. Bg5 a6 8. Na3 b5 9. Nd5 Be7 10. Bxf6 Bxf6 11. c3 0-0 12. Nc2 Bg5 13. a4 bxa4 14. Rxa4 a5 15. Bc4 Rb8 16. b3 Kh8 17. Nce3 g6 18. h4 Bxh4 19. g3 Bg5 20. f4 exf4 21. gxf4 Bh4+ 22. Kf1 g5 23. Qh5 f6 24. Ng2 Rb7 25. Nxh4 gxh4 26. Qxh4 f5 27. Qxd8 Rxd8 28. Ne3 fxe4 29. Bd5 Rc7 30. Ke1 Bb7 31. Rc4 Rdc8 32. Kd2 Ne7 33. Bxe4 Bxe4 34. Rxe4 d5 35. Re6 d4 36. cxd4 Rd8 37. Re4 1/2-1/2

[Event "ST-2021-0-00183"]
[Site "LSS email"]
[Date "2021.02.27"]
[Round "?"]
[White "Szczepanski, Zbigniew"]
[Black "Corti, Horacio"]
[Result "1/2-1/2"]
[WhiteElo "2407"]
[BlackElo "2314"]
[PlyCount "51"]
[EventDate "2021.02.07"]
[EventType "tourn (corr)"]
[EventRounds "6"]
[EventCountry "GER"]
[SourceTitle "Corr 2024"]
[Source "ChessBase"]
[SourceDate "2023.10.19"]
[SourceVersion "1"]
[SourceVersionDate "2023.10.19"]
[SourceQuality "1"]

1. d4 Nf6 2. c4 e6 3. Nf3 d5 4. g3 dxc4 5. Bg2 a6 6. 0-0 Nc6 7. e3 Bd7 8. Qe2 Bd6 9. Qxc4 0-0 10. Nbd2 Qe7 11. Qc2 Nb4 12. Qb3 c5 13. a3 Nc6 14. Nc4 Rab8 15. Nxd6 Qxd6 16. Rd1 Na5 17. Qc2 Rfc8 18. Bd2 Qb6 19. Bc3 Nb3 20. Rab1 Ba4 21. d5 exd5 22. Bxf6 Qxf6 23. Rxd5 h6 24. Ne5 c4 25. Qc3 Nc5 26. Rc1 1/2-1/2

[Event "SM-2021-0-00441"]
[Site "LSS email"]
[Date "2021.02.25"]
[Round "?"]
[White "Sorcinelli, Andrea"]
[Black "Corti, Horacio"]
[Result "1/2-1/2"]
[WhiteElo "2324"]
[BlackElo "2314"]
[PlyCount "65"]
[EventDate "2020.12.31"]
[EventType "tourn (corr)"]
[EventRounds "6"]
[EventCountry "GER"]
[SourceTitle "Corr 2024"]
[Source "ChessBase"]
[SourceDate "2023.10.19"]
[SourceVersion "1"]
[SourceVersionDate "2023.10.19"]
[SourceQuality "1"]

1. e4 c5 2. Nf3 Nc6 3. d4 cxd4 4. Nxd4 Nf6 5. Nc3 e5 6. Ndb5 d6 7. Bg5 a6 8. Na3 b5 9. Nd5 Be7 10. Bxf6 Bxf6 11. c3 0-0 12. Nc2 Bg5 13. a4 bxa4 14. Rxa4 a5 15. Bc4 Rb8 16. b3 Kh8 17. Nce3 g6 18. Qe2 f5 19. h4 Bxe3 20. Nxe3 Kg7 21. h5 f4 22. Nd5 Be6 23. Nxf4 exf4 24. Bxe6 f3 25. gxf3 Qf6 26. Bd5 Qxc3+ 27. Kf1 Ne5 28. h6+ Kh8 29. Qe3 Qxe3 30. fxe3 Rxf3+ 31. Kg2 Rbf8 32. Rxa5 Rf2+ 33. Kg3 1/2-1/2

[Event "CP-2021-S-00001"]
[Site "LSS email"]
[Date "2021.01.26"]
[Round "?"]
[White "Pascual Perez, Norge"]
[Black "Corti, Horacio"]
[Result "1/2-1/2"]
[WhiteElo "2454"]
[BlackElo "2295"]
[PlyCount "63"]
[EventDate "2021.01.26"]
[EventType "tourn (corr)"]
[EventRounds "7"]
[EventCountry "GER"]
[SourceTitle "Corr 2024"]
[Source "ChessBase"]
[SourceDate "2023.10.19"]
[SourceVersion "1"]
[SourceVersionDate "2023.10.19"]
[SourceQuality "1"]

1. e4 c5 2. Nc3 Nc6 3. Bb5 Nd4 4. a4 a6 5. Bc4 e6 6. Nge2 Nf6 7. 0-0 d5 8. exd5 exd5 9. Ba2 Bd6 10. d3 Ne6 11. Re1 0-0 12. Ng3 Bxg3 13. hxg3 Qd6 14. Be3 Bd7 15. d4 c4 16. a5 Rfe8 17. b3 Rac8 18. bxc4 dxc4 19. Qd2 Nd5 20. Nxd5 Qxd5 21. f3 h6 22. c3 Qxa5 23. Bxc4 Qc7 24. Bd5 Bb5 25. g4 b6 26. Rec1 Bc4 27. Bxc4 Qxc4 28. Qa2 Qxa2 29. Rxa2 Rc4 30. d5 Nc7 31. Bxb6 Nxd5 32. Bf2 1/2-1/2

[Event "ST-2020-0-00177"]
[Site "LSS email"]
[Date "2020.12.31"]
[Round "?"]
[White "Corti, Horacio"]
[Black "Bernal Varela, Nelson"]
[Result "1/2-1/2"]
[WhiteElo "2301"]
[BlackElo "2431"]
[PlyCount "79"]
[EventDate "2020.12.09"]
[EventType "tourn (corr)"]
[EventRounds "6"]
[EventCountry "GER"]
[SourceTitle "Corr 2024"]
[Source "ChessBase"]
[SourceDate "2023.10.19"]
[SourceVersion "1"]
[SourceVersionDate "2023.10.19"]
[SourceQuality "1"]

1. e4 e6 2. d4 d5 3. Nc3 Nf6 4. Bg5 dxe4 5. Nxe4 Be7 6. Bxf6 gxf6 7. Nf3 f5 8. Nc3 a6 9. g3 b5 10. Bg2 Bb7 11. 0-0 c5 12. d5 b4 13. dxe6 bxc3 14. exf7+ Kf8 15. Qc1 Kg7 16. bxc3 Nd7 17. Qf4 Be4 18. Rad1 Ra7 19. Rfe1 Rf8 20. Bh3 Rxf7 21. Rxe4 fxe4 22. Qg4+ Kh8 23. Ne5 Nxe5 24. Rxd8+ Bxd8 25. Qxe4 Rae7 26. Qd5 Bc7 27. Qxc5 Nf3+ 28. Kg2 Re2 29. Bg4 Ne1+ 30. Kh3 Rexf2 31. Be6 R7f6 32. Qxc7 Nf3 33. Qd8+ Kg7 34. Qe7+ Kg6 35. Bf7+ Rxf7 36. Qe4+ Rf5 37. Qe8+ Rf7 38. Qe4+ Rf5 39. Qe8+ Rf7 40. Qe4+ 1/2-1/2